|
|
|
|
| LEADER |
00000nab a2200000 a 4500 |
| 001 |
vtls000037643 |
| 003 |
SK-MaSNL |
| 005 |
20260304174922.0 |
| 008 |
111103c1979 xo 0 slo |
| 015 |
|
|
|a SNBRB19rr/mm-uuuuu
|
| 035 |
|
|
|a CL0047738
|
| 040 |
|
|
|a SNKBUCL
|b slo
|c SNKBUCL
|e AACR2
|
| 041 |
0 |
|
|a slo
|
| 044 |
|
|
|a xo
|c SK
|
| 080 |
|
|
|a 361/362:
|2 1981
|
| 100 |
1 |
|
|a Trabalíková, Mária
|4 aut
|9 938535
|
| 245 |
1 |
0 |
|a Sociálna starostlivosť o ťažko vychovateľné deti a mladistvých v SSR
|c Mária Trabalíková
|
| 650 |
0 |
7 |
|a sociálna starostlivosť
|2 snkbucl
|9 3737
|
| 650 |
0 |
7 |
|a mládež
|2 snkbucl
|9 1575
|
| 650 |
0 |
7 |
|a deti ťažko vychovateľné
|2 snkbucl
|9 893503
|
| 655 |
|
7 |
|a články z novín a časopisov
|2 snkbucl
|9 267496
|
| 773 |
0 |
|
|t Sociálna politika
|g Roč. 5, č. 8 (1979), s. 174-175
|
| 850 |
|
|
|a Slovenská národná knižnica v Martine
|a MTA001
|
| 852 |
|
|
|a SNK
|b KIS3GCP
|
| 958 |
|
|
|a RK
|
| 992 |
|
|
|a RBX
|
| 999 |
|
|
|c 3011021
|d 3012951
|